Índice de marginación por entidad federativa y municipio : (Record no. 199700)

MARC details
000 -CABECERA
campo de control de longitud fija 00540nam a2200181 a 4500
005 - FECHA Y HORA DE LA ÚLTIMA TRANSACCIÓN
campo de control 20210219163710.0
008 - ELEMENTOS DE LONGITUD FIJA--INFORMACIÓN GENERAL
campo de control de longitud fija 181106s2015 mx r 000 0 spa d
035 ## - NÚMERO DE CONTROL DEL SISTEMA
Número de control de sistema UPN01000227605
049 ## - COLECCIÓN
Colección CD
050 #4 - SIGNATURA TOPOGRÁFICA DE LA BIBLIOTECA DEL CONGRESO
Número de clasificación (POR ADQUIRIR)
110 2# - ASIENTO PRINCIPAL--NOMBRE CORPORATIVO
Nombre de entidad corporativa o nombre de jurisdicción como elemento de entrada Consejo Nacional de Población (México)
245 00 - MENCIÓN DE TÍTULO
Título Índice de marginación por entidad federativa y municipio :
Resto del título 2015.
260 ## - PUBLICACIÓN, DISTRIBUCIÓN, ETC.
Lugar de publicación, distribución, etc. México :
Nombre del editor, distribuidor, etc. CONAPO,
Fecha de publicación, distribución, etc. 2015.
300 ## - DESCRIPCIÓN FÍSICA
Extensión 1 CD-ROM ;
Otras características físicas 4 3/4 plg.
440 #0 - MENCIÓN DE SERIE/ASIENTO SECUNDARIO--TÍTULO
Título Indices sociodemográficos
905 ## - TIPO DE MATERIAL
Tipo de material Electrónico
Holdings
Estado de retiro Estado de pérdida Fuente del sistema de clasificación o colocación Estado dañado No para préstamo Código de colección Localización permanente Ubicación/localización actual Ubicación en estantería Total de préstamos Código de barras Fecha visto por última vez Número de copia Tipo de ítem Koha
    Library of Congress Classification     Discos compactos Bib. Gregorio Torres Quintero Bib. Gregorio Torres Quintero Disco Compacto   327683 31/12/2020 1 Formato Digital